| 000 | 01230cam a22003497a 4500 | ||
|---|---|---|---|
| 003 | CHAP | ||
| 005 | 20220329135624.0 | ||
| 008 | 971013s1975 r 00010 d | ||
| 010 | _a39473 | ||
| 011 | _a40445 | ||
| 035 | _a44570 | ||
| 040 | _cCHAP | ||
| 090 | _aFolleto 4605 | ||
| 100 | 0 | 0 |
_aEtienne B., Guillermo. _938598 |
| 245 | 1 | 3 | _aEl petróleo y la petroquímica |
| 260 |
_aMéxico, D. F. : _bAsociación Nacional de Universidades e Institutos de Enseñanza Superior, _c1975 |
||
| 300 |
_a121 p. _b: ilus. ; mapa |
||
| 590 |
_aBATCH-UPD _b10 _c20130110 _lUCH01 _h1811 |
||
| 590 |
_aBATCH-UPD _b10 _c20130410 _lUCH01 _h1145 |
||
| 590 |
_aBATCH-UPD _b10 _c20130914 _lUCH01 _h1912 |
||
| 590 |
_aCONVERSION _b10 _c20130109 _lUCH01 _h1322 |
||
| 650 | 1 | 4 |
_aPetróleo. _987656 |
| 650 | 1 | 4 |
_aPetróleo _xIndustria. _987665 |
| 700 | 0 |
_aMenchaca S., Héctor. _974551 |
|
| 901 | _aBK | ||
| 942 | _cFOLL | ||
| 949 |
_aFolleto 4605 _bBC _cFOLL _d-102059 _eTS1 _i44570 _si |
||
| 949 |
_aFolleto 4605 _bBC _cFOLL _d-102060 _eTS2 _fc.2 _i44570 _si |
||
| 949 |
_aFolleto 4605 _bBC _cFOLL _d-102062 _eTS2 _fc.3 _i44570 _si |
||
| 949 |
_aFolleto 4605 _bBC _cFOLL _d-102063 _eTS2 _fc.4 _i44570 _si |
||
| 949 |
_aFolleto 4605 _bBC _cFOLL _d-102065 _eTS2 _fc.5 _i44570 _si |
||
| 999 |
_c39473 _d39473 |
||